000 00339nam a2200133Ia 4500
008 240624s9999 xx 000 0 und d
041 _aeng
082 _a658.15 SHA
100 _aSHAPIRO ALAN C
245 _aMODERN CORPORATE FINANCE
260 _c2003
_aNew Delhi
_bPearson Education
300 _axxix, : 545 : p. : cm. ; 25
365 _cRS
999 _c2077
_d2077